=LDR 00000nam 2200000 4500 =001 INLIS000000000034478 =005 20130612140401 =008 ***********************************ind** =035 ##$$0010-061300000034478 =041 ##$$a ind =082 ##$$a 612 =090 ##$$a 612 Luc m =100 ##$$a Lucia, Evie Azhfizar =245 ##$$a Mengenai tubuh manusia/Evie Azhfizar Lucia =260 ##$$a 2007 $b Jakarta =300 ##$$a 160 hlm., Ilus., 25 cm =650 ##$$a Tubuh Manusia ( Pendidikan Dasar) =850 ##$$a NBPNMAT